000 01376nab a22002897a 4500
999 _c5490
_d5490
003 OSt
005 20251209100426.0
008 190502c xxu||||| |||| 00| 0 spa d
040 _cPJ
100 _aSandhagen, Alberto
_94831
245 1 0 _aDisquisiciones sobre el precedente "Soto" de la Corte Suprema /
_cAlberto Sandhagen.
260 _aCiudad Autónoma de Buenos Aires :
_bThomson Reuters La Ley,
_c2025.
300 _ap. 19-28
500 _aCita Online: AR/DOC/834/2025.
505 _aSumario: I. Objeto.— II. El trámite recursivo para llegar a la Corte Suprema.— III. Los fundamentos de la sentencia de la Corte Suprema de Justicia de la Nación.— IV. Apreciaciones personales sobre la sentencia dictada por la Corte Suprema.— V. Palabras finales.
505 _tFallo comentado: CS ~ 27/12/2024 ~ Soto, Joaquín s/ homicidio agravado.
505 _t¿Te interesa el texto completo? Solicitalo al correo: koha@justierradelfuego.gov.ar
650 0 _9343
_aDERECHO PENAL
650 0 _9397
_aPROCESAL PENAL
650 0 _94933
_aPRISIÓN PERPETUA
650 0 _92913
_aHOMICIDIO
650 0 _9180
_aDEBIDO PROCESO
650 0 _96132
_aCONTROL DE CONVENCIONALIDAD
650 0 _94597
_aCONSTITUCIONALIDAD
773 0 _02729
_93180
_dBuenos Aires : LexisNexis, 2006-
_tRevista de derecho penal y procesal penal. Nº 6 - Junio 2025
_z9875920622
942 _2udc
_cANA